000 00682cab a2200241 4500
001 WB3517-12
008 090401t1999 xxu||||| |||| 00| 0 eng d
035 _a(Sirsi) u93157
041 _aeng
245 _aStreets of shame
260 _c1999
350 _a0
490 _aGuardian
_v5 May 1999 2-3(3)
520 _aA leading housing specialist reports on her two-year study into the good homes being abandoned while land-hungry developers dig up greenfield sites.
650 _aCITIES
650 _aEMPTY HOUSES
650 _aGREENFIELD SITES
650 _aHOUSE BUILDING
650 _aURBAN REGENERATION
690 _aHOUSING
942 _n0
948 _c06/05/1999
999 _c59037
_d59037